Premier League teams 2023/2024 - Statistics

General Stats
  • This quiz has been taken 42 times
  • The average score is 16 of 20
Answer Stats
Position Points Team % Correct
1 91 Manchester City
100%
3 82 Liverpool
97%
2 89 Arsenal
93%
8 60 Manchester United
93%
5 66 Tottenham
93%
9 52 West Ham United
93%
4 68 Aston Villa
90%
6 63 Chelsea
90%
15 40 Everton
80%
14 46 Wolverhampton Wolves
80%
11 48 Brighton
77%
10 49 Crystal Palace
77%
7 60 Newcastle United
73%
19 24 Burnley
70%
17 32 Nottingham Forest
67%
12 48 Bournemouth
63%
16 39 Brentford
63%
18 26 Luton Town
63%
20 16 Sheffield United
63%
13 47 Fulham
57%
No matching quizzes found
Score Distribution
Percent of People with Each Score
Percentile by Number Answered
Your Score History
You have not taken this quiz